| 000 | 01916nam a2200301 i 4500 | ||
|---|---|---|---|
| 001 | 164704 | ||
| 003 | ES-MaACL | ||
| 005 | 20250915063101.0 | ||
| 008 | 951221s1792 sp a |||| | spa d | ||
| 040 |
_aEUS _bspa _cEUS |
||
| 100 | 1 |
_aSandoval, Prudencio de, _d1551?-1620 _9103107 |
|
| 245 | 1 | 0 |
_aHistoria de los Reyes de Castilla y de León ... _b: sacada de los privilegios, libros antiguos, memorias, diarios, piedras y otras antiguallas ... / _cD. Fr. Prudencio de Sandoval, Obispo de Pamplona ... ; [tomo I -II]. |
| 260 |
_aMadrid : _ben la oficina de D. Benito Cano, _c1792. |
||
| 300 |
_a2 v. (44, 364 p. ; 20, 350 p.) ; _c4º. |
||
| 505 | 8 | _aV. I: Don Fernando el Magno, primero de este nombre, infante de Navarra ; Don Sancho, que murió sobre Zamora ; Don Alonso, Sexto de este nombre -- V. II: Doña Urraca, hija de Don Alonso Sexto ; y Don Alonso Séptimo, emperador de las Españas | |
| 530 | _aDisponible en formato digital. | ||
| 597 | _aSign.: a-e4, f², A-Z4, Aa-Yy4, Zz² ; A-B4, C², A-Z4, Aa-Xx4. | ||
| 597 | _aPort con orla calc.: "J.Xº in. y g." | ||
| 599 | _aGrabado calcográfico en la cabecera de p. 1 de cada tomo. | ||
| 651 | 4 |
_aCastilla (Reino)- _xReyes y soberanos. _9163030 |
|
| 651 | 4 |
_aLeón (Reino)- _xReyes y soberanos. _9163031 |
|
| 700 | 1 |
_aXimeno, Juan. _9133979 |
|
| 852 |
_aES-MaACL _jR-3364 _z Cotejado con la relación de obras recuperadas expediente robo. _zCambio de signatura: datos tomados del fichero topográfico R. _9170984 _dOlim: B-217 _pvol.1 _xEncuadernación pasta española |
||
| 852 |
_aES-MaACL _jR-3365 _z Cotejado con la relación de obras recuperadas expediente robo _zCambio de signatura: datos tomados del fichero topográfico R. _9170984 _dOlim: B-218 _pvol.2 _xEncuadernación pasta española |
||
| 856 |
_uhttp://bdh-rd.bne.es/viewer.vm?id=0000146253&page=1 _zBiblioteca Digital Hispánica |
||
| 942 | _2udc | ||
| 999 |
_c164704 _d164704 |
||